Normal view
MARC view
- اعلم الحيوان
Entry Topical Term
001 - CONTROL NUMBER
- control field: 40439
003 - CONTROL NUMBER IDENTIFIER
- control field: JO-AjAnu
005 - DATE AND TIME OF LATEST TRANSACTION
- control field: 20230606080722.0
008 - FIXED-LENGTH DATA ELEMENTS
- fixed length control field: 230606|| aca||aabn | a|a d
040 ## - CATALOGING SOURCE
- Original cataloging agency: JO-AjAnu
- Transcribing agency: JO-AjAnu
150 ## - HEADING--TOPICAL TERM
- Topical term or geographic name entry element: اعلم الحيوان
670 ## - SOURCE DATA FOUND
- Source citation: Work cat.: (JO-AjAnu)20729: الحسيني، احمد حماد /م. مشارك اميل شنودة دميان, author 40438, بيولوجية الحيوان العلمية باللغتين العربية والانجليزية: الضفدعة، ج1